LOS HIJOS ANTE EL AMOR : DE LA NIÑEZ A LA ADOLESCENCIA /
TRADUCCION DE: NOS ENFANTS ET L'AMOUR
محفوظ في:
| التنسيق: | كتاب |
|---|---|
| سلاسل: | INSTITUTO CATOLICO ESTUDIOS SOCIALES DE BARCELONA ;
10. SERIE FAMILIA ; 1 |
| الموضوعات: | |
| الوسوم: |
لا توجد وسوم, كن أول من يضع وسما على هذه التسجيلة!
|
MARC
| LEADER | 00000nam^a2200000^a^4500 | ||
|---|---|---|---|
| 001 | 000233854 | ||
| 005 | 20250521000000.0 | ||
| 009 | 20260310104703.722 | ||
| 035 | |a 054113 | ||
| 037 | |a Acervo Xavier Clavigero | ||
| 082 | |a 306. 874 |b HIJ | ||
| 245 | 1 | 4 | |a LOS HIJOS ANTE EL AMOR : |b DE LA NIÑEZ A LA ADOLESCENCIA / |c S/A. ; TR. C. RUIDOR |
| 264 | |a BARCELONA : |b INSTITUTO CATOLICO DE ESTUDIOS SOCIALES DE BARCELONA, |c 1957 | ||
| 300 | |a 130 p. | ||
| 336 | |a texto |b txt |2 rdacontenido | ||
| 337 | |a sin mediación |b n |2 rdamedio | ||
| 338 | |a volumen |b nc |2 rdasoporte | ||
| 440 | |a INSTITUTO CATOLICO ESTUDIOS SOCIALES DE BARCELONA ; |v 10. SERIE FAMILIA ; 1 | ||
| 520 | |a TRADUCCION DE: NOS ENFANTS ET L'AMOUR | ||
| 649 | |a XX | ||
| 650 | |a PADRES E HIJOS. | ||
| 650 | |a Familia | ||
| 910 | |a Fondo General | ||
| 920 | |a Impresos - Libros | ||
| 930 | |a Colección General | ||
| 905 | |a 101 | ||
| 901 | |a 054113 |b IT1 |c ACC |i 054113 |u 20250521 | ||
| 902 | |a https://opac.biblio.iteso.mx/vufind/Record/000233854 | ||